| 000 | 01308cam a2200409Mi 4500 | ||
|---|---|---|---|
| 001 | 93934 | ||
| 005 | 20230410132927.0 | ||
| 008 | 950616s19779999sp 001 0 spa d | ||
| 035 | _a(OCoLC)ocn642230506 | ||
| 040 |
_aESLEO _bspa _cESLEO |
||
| 017 | _aD.L.M.17369-1995 | ||
| 020 | _a8424916859 (T. I) | ||
| 020 | _a9788424916855 (T. I) | ||
| 020 | _a8424916840 (O. C.) | ||
| 020 | _a9788424916848 (O. C.) | ||
| 035 | _a(OCoLC)642230506 | ||
| 080 | _a821.124'02Plinio Segundo, Cayo7nat.03=134.2 | ||
| 080 | _a502.2(091) | ||
| 050 | 1 | 4 |
_aB 171 _bB582 1977 |
| 100 | 1 | _aPlinio, Segundo, Cayo. | |
| 130 | 1 | _aBiblioteca Clásica Gredos. | |
| 240 | 1 | 0 |
_aNaturalis historia. _lEspañol |
| 245 | 1 | 0 |
_aHistoria natural _bLibros I-II _cPlinio el Viejo ; Introducción general de Guy Serbat ; traducción y notas de Antonio Fontán... [et al.]. |
| 260 |
_aMadrid : _bGredos, _c1977. |
||
| 300 |
_a484 p. ; _c20 cm. |
||
| 440 | 0 |
_aBiblioteca Clásica Gredos ; _vn.206 |
|
| 504 | _aBibliogr. | ||
| 505 | 1 | _aContiene: T. I, Libros I-II | |
| 650 | 0 | 4 |
_aCiencias naturales _xHistoria. |
| 650 | 0 | _aPhylosophy, Classical. | |
| 650 | 0 | _aPhylosophy, Ancient. | |
| 700 | 1 |
_aFontán, Antonio, _eed. lit. |
|
| 700 | 1 |
_aSerbat, Guy, _epr. |
|
| 942 |
_2lcc _cbk |
||
| 946 | _amjcruz | ||
| 994 |
_aC0 _bDRFGD |
||
| 999 |
_c90325 _d90325 |
||